Statystyki dla Trasa Autobusu 118 Warszawa

Kliknij tutaj aby rozwiązać quiz!

Ogólne statystyki

  • Ten quiz został rozwiązany 6 razy
  • Średni wynik to 12 z 15

Statystyki odpowiedzi

UlicePrzystanki% Poprawnych
WarynskiegoMetro Politechnika
100%
PięknaPiękna
100%
Aleje UjazdowskiePlac Trzech Krzyży
100%
KsiążęcaPlac Trzech Krzyży
100%
LudnaSolec
100%
DobraBiblioteka Uniwersytecka
80%
DobraDobra
80%
DobraMariensztat
80%
TamkaMetro Centrum Nauki Kopernik
80%
ZajęczaMetro Centrum Nauki Kopernik
80%
PięknaMokotowska
80%
MarszałkowskaPlac Konstytucji
80%
Plac Zofii WóycickiejJaracza
60%
SolecAleja 3 Maja
40%
LudnaCzerniakowska
40%

Rozkład punktacji

Percentyl według liczby udzielonych odpowiedzi

Procent ludzi z każdym wynikiem

Twoja historia wyników

Nie rozwiązałeś tego quizu